| 000 | 00689 a2200193 4500 | ||
|---|---|---|---|
| 020 | _a007029352X | ||
| 040 | _aDLC | ||
| 082 | 0 | 0 | _a510 |
| 100 | 1 | _aHoffmann, Laurence D., | |
| 245 | 1 | 0 |
_aFinite mathematics with calculus _cLaurence D. Hoffmann, Gerald L. Bradley. |
| 250 | _a2nd ed. | ||
| 260 |
_aNew York : _bMcGraw-Hill, _cc1995. |
||
| 300 |
_a1 v. (various pagings) : _bill. (some col.) ; _c25 cm. |
||
| 500 | _aEight chapters reprinted from: Mathematics with applications. c1979; seven chapters reprinted from: Brief calculus with applications. 1993. | ||
| 650 | 0 | _aMathematics. | |
| 700 | 1 | _aBradley, Gerald L., | |
| 700 | 1 | _aHoffmann, Laurence D., | |
| 942 |
_cBK _k07.11.2001 _2ddc |
||
| 999 |
_c7369 _d7369 |
||